01073nam a2200169 a 4500020002700000020003000027082001700057100002600074245002800100260003800128300001300166520059600179650002600775700002000801700001200821856007000833 a0198552866 (paperback) a9780198552864 (paperback) a541.0421 SOL aSolid state chemistry10aSolid state chemistry : a[S.l.] :bClarendon Press,c1990. a416 p. ; aA rapidly expanding branch of science, solid-state chemistry grows in importance as scientists recognize its relevance to subjects as diverse as optoelectronics and heterogeneous catalysis. The first of two volumes, this book concentrates on methods for preparing solids and for studying structures and physical properties. Among the methods described here are diffraction and vibrational, electronic, and photoelectron spectroscopies. Bulk measurements such as conductivity, magnetic susceptibility, and calorimetry are also described, along with theoretical modeling of crystal structures. achemistry,solid state1 aCheetham, A. K.1 aDay, P.40uhttp://www.amazon.com/exec/obidos/ASIN/0198552866/chopaconline-20